LIBRARY & INFORMATION CENTRE, KCAET, TAVANUR

ONLINE PUBLIC ACCESS CATALOGUE (OPAC)

Water requirement of coconut in tropical monsoon climate (Record no. 15203)

MARC details
000 -LEADER
fixed length control field 00617nam a22001937a 4500
003 - CONTROL NUMBER IDENTIFIER
control field OSt
088 ## - REPORT NUMBER
Report number P 134
100 ## - MAIN ENTRY--AUTHOR NAME
Personal name ANU N
245 ## - TITLE STATEMENT
Title Water requirement of coconut in tropical monsoon climate
260 ## - PUBLICATION, DISTRIBUTION, ETC. (IMPRINT)
Place of publication Tavanur 2003
Name of publisher Kelappaji College of Agricultural Engineering and Technology
300 ## - PHYSICAL DESCRIPTION
Number of Pages 74
500 ## - GENERAL NOTE
General note Water requirement of coconut in tropical monsoon climate
520 ## - SUMMARY, ETC.
Summary, etc Water requirement of coconut in tropical monsoon climate
700 ## - ADDED ENTRY--PERSONAL NAME
Personal name Princy G
700 ## - ADDED ENTRY--PERSONAL NAME
Personal name Sreekumar M
700 ## - ADDED ENTRY--PERSONAL NAME
Personal name Er. V. M Abdul Hakkim (Guide)
942 ## - ADDED ENTRY ELEMENTS (KOHA)
Koha item type Project Report
Holdings
Collection code Home library Current library Shelving location Full call number Accession Number Koha item type
Reference KAUAET KAUAET Reference 631.587 ANU/WA P 134 Project Report
free website counter